| 000 | 00455nam a2200193Ia 4500 | ||
|---|---|---|---|
| 005 | 20240823022816.0 | ||
| 008 | 240823s9999||||xx |||||||||||||| ||und|| | ||
| 041 | _aENGLISH | ||
| 082 | _A623.8504 P8 | ||
| 100 | _aVikram Gokhale | ||
| 245 | 0 | _aMarine Electrotechnology and Electronics | |
| 250 | _a4th | ||
| 260 |
_c2008 _bEngee Enterp |
||
| 500 | _aYES | ||
| 650 |
_aMarine engg. _bMarine |
||
| 700 | _a Nanda N | ||
| 942 | _cBK | ||
| 999 |
_c180053 _d180053 |
||